Who Sang These Songs: The 2000s Music Quiz - Statistics

General Stats
  • This quiz has been taken 3,348 times
  • The average score is 12 of 15
Answer Stats
Hint Answer % Correct
Crazy in Love, Single Ladies, Naughty Girl Beyonce
95%
Toxic, I'm Not a Girl, Not Yet a Woman, I'm a Slave (for you) Britney Spears
95%
Poker Face, Bad Romance, Telephone Lady Gaga
95%
Umbrella, Disturbia, Russian Roulette Rihanna
94%
I Kissed a Girl, Hot N Cold, Waking Up in Vegas Katy Perry
92%
Lose Yourself, Superman, Just Lose It Eminem
85%
Sexy Back, Cry Me a River, Like I Love You Justin Timberlake
85%
Empire State of Mind, 99 Problems, '03 Bonnie and Clyde Jay z
83%
Gold Digger, Stronger, Flashing Lights Kanye West
83%
Back to Black, You Know I'm no Good, Rehab Amy Winehouse
80%
Boom Boom Pow, Where is the Love, My Humps Black Eyed Peas
79%
Hey Ya!, So Fresh So Clean, Miss Jackson Outkast
79%
Yeah!, OMG, My Boo Usher
77%
Fallin', No One, Super Woman Alicia Keys
55%
Dirrty, Beautiful, Can't Hold Us Down Christina Aguilera
44%
No matching quizzes found
Score Distribution
Percent of People with Each Score
Percentile by Number Answered
Your Score History
You have not taken this quiz